Countries Most Similar To South Korea - Statistics

General Stats
  • This quiz has been taken 211 times
  • The average score is 8 of 20
Answer Stats
Rank Country Score % Correct
1 Japan 68.1
98%
4 China 58.8
93%
3 North Korea 64.4
87%
2 Taiwan 66.7
84%
15 Vietnam 56.6
62%
6 Singapore 57.9
50%
7 France 57.8
48%
8 Germany 57.8
47%
14 Italy 56.9
41%
10 Spain 57.5
38%
13 Netherlands 57
26%
11 Poland 57.2
26%
19 Portugal 55.9
23%
17 Belgium 56.2
22%
5 Slovenia 58.5
21%
16 Czechia 56.4
16%
18 Slovakia 55.9
16%
12 Croatia 57.1
15%
20 Serbia 55.8
11%
9 Bulgaria 57.7
10%
No matching quizzes found
Score Distribution
Percent of People with Each Score
Percentile by Number Answered
Your Score History
You have not taken this quiz